000 01275cam a22003617a 4500
001 5862
003 FISKH
005 20250808150409.0
008 040120s2003 maua b 000 1 eng d
010 _a 2004296085
020 _a9781406300376
040 _aORX
_cORX
_dOCLCQ
_dLEO
_dDLC
_beng
050 _aPZ7.M335827
082 _a813
100 _aRey, H. A.
245 0 0 _aMargret & H.A. Rey's Curious George and the birthday surprise /
_cillustrated in the style of H.A. Rey by Martha Weston.
260 _aBoston :
_bHoughton Mifflin,
_c2003.
300 _a24 pages :
_bcolor illustrations ;
_c21 cm
505 _aJ
520 _aWhen the man with the yellow hat tells George that he is planning a surprise, the curious chimp finds a hat, noisemakers, decorations, and games and sees that it must be a birthday, but whose?
521 8 _a490
_bLexile
521 8 _aJ
_bRaz-Plus
650 0 _aBirthdays
_vJuvenile fiction.
650 0 _aMonkeys
_vJuvenile fiction.
650 1 _aBirthdays
_vFiction.
650 1 _aMonkeys
_vFiction.
650 1 _aHumorous stories.
700 1 _aRey, Margret.
_eAuthor
700 1 _aWeston, Martha,
_eillustrator
906 _a7
_bcbc
_ccopycat
_d2
_encip
_f20
_gy-gencatlg
942 _2ddc
_cBK
_n0
999 _c5862
_d5862